000 00819cam a2200253 i 4500
001 17516911
005 20180206041321.0
008 121102s2013 nyu b 001 0 eng
010 _a 2012036504
020 _a9780195383331
040 _aDLC
_beng
_cDLC
_erda
_dDLC
041 _aeng
042 _apcc
043 _an-us---
080 _a320.473 MOR
082 0 0 _a320.473 MOR
_223
100 1 _a19
101 _aPOL
245 1 0 _aBy the people :
_cJames Morone, Brown University, Rogan Kersh, Wake Forest University.
504 _aIncludes bibliographical references and index.
906 _a7
_bcbc
_corignew
_d1
_eecip
_f20
_gy-gencatlg
942 _2ddc
_cBK
999 _c41882
_d41882